Lessus Illustrissimi Domini Georgii Majláth de Székhely. Insignis S. Stephani I. Regis Apostolici Equitis S. C. Et R. A. Majestatis Personalis Praesentiae regiae In Judiciis Locumtenentis, Et Consiliarii, Ac Inclyti Comitatus Tolnensis Supremi Ciomitis, Summum Diem Acerbo Patriae Dolore, Pesthini XII. Kalendas Martias, MDCCCXXI. Functi Cineribus, Pio Provinciae Posoniensis Studio Sacratus

Bibliographic Details
Main Author: Andáši, Jozef Ľudovít (Author)
Corporate Author: Tlačiareň dedičov Belnaiových (Bratislava, Slovensko), 1817-1842 (Printer)
Format: Book
Language:Latin
PhysicalDescription:8 s. 23 cm
Published: Posonii Typis Heredum Belnayanorum 1821
Subjects:

MARC

LEADER 00000nam a2200000 a 4500
001 vtls001148933
003 SK-MaSNL
005 20260301153957.0
008 180810s1821 xo 0 lat
035 |a SNK000091793 
040 |a SNKHF  |b slo  |c SNK  |e AACR2 
041 0 |a lat 
044 |a xo  |c SK 
072 7 |a 808  |x Literárny štýl. Literárna činnosť a technika. Efektívne využívanie jazyka. Spisovateľská činnosť  |2 konspekt 
080 |a 808.5-051  |2 2011 
100 1 |a Andáši, Jozef Ľudovít  |4 aut  |9 281513 
245 0 |a Lessus Illustrissimi Domini Georgii Majláth de Székhely. Insignis S. Stephani I. Regis Apostolici Equitis S. C. Et R. A. Majestatis Personalis Praesentiae regiae In Judiciis Locumtenentis, Et Consiliarii, Ac Inclyti Comitatus Tolnensis Supremi Ciomitis, Summum Diem Acerbo Patriae Dolore, Pesthini XII. Kalendas Martias, MDCCCXXI. Functi Cineribus, Pio Provinciae Posoniensis Studio Sacratus  |c Vate Josepho Ludovico Andásy, Nobili Hungaro Posoniensi 
260 |a Posonii  |b Typis Heredum Belnayanorum  |c 1821 
300 |a 8 s.  |c 23 cm 
600 1 4 |a Majláth, Georg  |9 516209 
650 0 7 |a príležitostné tlače  |2 SNKPH  |9 88198 
710 2 |a Tlačiareň dedičov Belnaiových (Bratislava, Slovensko), 1817-1842  |4 prt  |9 54716 
752 |a Slovensko  |d Bratislava 
852 |a Slovenská národná knižnica  |b Historické fondy  |p SC 10968 
958 |a ONDV 
958 |a DF 
999 |c 795170  |d 797100 
952 |a SNK  |b SNK  |y PREZ  |7 0  |p 17A0091998  |o snkSC 10968  |i snkKSF 5994/57  |8 5  |0 0  |1 0  |4 0  |d 1997-09-03  |l 0  |r 2025-07-11 00:00:00  |w 2026-02-24